| 000 | 01832cam a22004694i 4500 | ||
|---|---|---|---|
| 003 | PE-LiUPU | ||
| 005 | 20250731173318.0 | ||
| 008 | 150625s r 000 0 d | ||
| 020 | _a0938805126 | ||
| 035 | _a(Sirsi) i9780938805120 | ||
| 040 |
_aPE-LiUPU _bspa _cPE-LiUPU _erda |
||
| 049 | _aPRUA | ||
| 082 | 0 | 4 |
_a286.732 _bPDS _221 |
| 100 | 1 |
_aWhite, Elena G. de, _eautor. |
|
| 245 | 1 | 3 |
_aLa pasión de los siglos / _cElena G. White. |
| 264 | 1 |
_aEarlton, New York : _bHomeward Publishing, _c2004. |
|
| 300 |
_a154 páginas ; _c20 centímetros |
||
| 336 |
_atext _2rdacontent |
||
| 337 |
_aunmediated _2rdamedia |
||
| 338 |
_avolume _2rdacarrier |
||
| 505 | 0 | _agetsemaní. -Ante Annás y Caifás. -Judas. -En el tribunal de Pilato. -El Calvario. -"Cosumado es". -En la Tumba de José. -"El Señor ha resucitado". -"¿Porqué lloras?". -El viaje a Emaús. -"Paz vosotros". -De nuevo a orillas del mar. -Id, doctrinad a todas las naciones. -"A mi Padre y a vuestro Padre". | |
| 526 | _aSEG42 | ||
| 526 | _aSEG41 | ||
| 526 | _aSEG40 | ||
| 526 | _aSEG39 | ||
| 526 | _aP94 | ||
| 526 | _aP87 | ||
| 526 | _aP86 | ||
| 526 | _aP85 | ||
| 526 | _aP77 | ||
| 526 | _aP76 | ||
| 526 | _aP35 | ||
| 650 | 0 | 4 | _aCrucifixión de Jesús. |
| 650 | 0 | 4 | _aPasión de Jesús. |
| 700 | 1 |
_aOlivo, Dionisio, _etraductor. |
|
| 942 |
_2ddc _cBOOK |
||
| 949 |
_a286.732 PDS _wDEWEY _c1 _i56878 _lCCODEBUL1 _mBUL _p8.00 _r0 _sY _tBOOK _u2015-6-25 _xTEOLOGIA _zUNKNOWN _0COMPRA _o.STAFF. Colección General |
||
| 994 |
_aC0 _bPEPRU |
||
| 596 | _a1 | ||
| 999 |
_a286.732 PDS _wDEWEY _c46014 _i56878 _f2021-11-11 _g6 _lCCODEBUL1 _mBUL _p8.00 _r0 _sY _tBOOK _u2015-6-25 _xTEOLOGIA _zUNKNOWN _0COMPRA _o.STAFF. Colección General _d46014 |
||
| 980 |
_81 _gALBERTO SANCHEZ Responsable de Automatización |
||